000 00409nam a2200157Ia 4500
008 210716s1998 xx 000 0 und d
020 _a8176351350
041 _aeng
082 _a006.37 CHAD
100 _aChapman, Davis.
245 _aSams teach yourself visul c++ 6: in 21 days.
_bIn 21 days.
250 _a1
260 _aNew Delhi
_bTechmedia
_c1998
300 _axvii,769,28
650 _aVisual Basic
999 _c183352
_d183352